Complejo de las artes : un espacio óptimo para la expresión
Gorde:
| Egile nagusia: | |
|---|---|
| Beste egile batzuk: | |
| Formatua: | Ezezaguna |
| Hizkuntza: | Spanish |
| Argitaratua: |
[San José, Costa Rica],
2014
|
| Gaiak: | |
| Sarrera elektronikoa: | https://cedi.ucr.ac.cr/arquitectura/complejo-de-las-artes-un-espacio-optimo-para-la-expresion/ |
| Etiketak: |
Etiketa erantsi
Etiketarik gabe, Izan zaitez lehena erregistro honi etiketa jartzen!
|
MARC
| LEADER | 00000 a2200000 4500 | ||
|---|---|---|---|
| 003 | EA0080 | ||
| 005 | 20231005150018.0 | ||
| 008 | 140114s2014 cr a 000 ||spa d | ||
| 040 | |c cru CEDI | ||
| 090 | |a TFG EA-080 | ||
| 100 | |a Sánchez Villalobos, Rebeca |9 20095 | ||
| 245 | |a Complejo de las artes : un espacio óptimo para la expresión | ||
| 260 | |a [San José, Costa Rica], |c 2014 | ||
| 500 | |a Trabajo Final de Graduación(licenciatura en arquitectura)--Universidad de Costa Rica. Facultad de Ingeniería. Escuela de Arquitectura, | ||
| 501 | |a Director de Trabajo Final de Graduación: Arq. Manuel Enrique Morales Alpízar | ||
| 650 | |x SALAS DE CONCIERTO - DISEÑO - COSTA RICA |x ACUSTICA EN ARQUITECTURA |x ESPACIOS PUBLICOS - DISEÑO - COSTA RICA |x DISEÑO ARQUITECTONICO - COSTA RICA |x AUDITORIOS - DISEÑO - COSTA RICA |9 20096 | ||
| 700 | |9 74 |a Morales Alpízar, Manuel, 1977- |d Director del TFG | ||
| 856 | |u https://cedi.ucr.ac.cr/arquitectura/complejo-de-las-artes-un-espacio-optimo-para-la-expresion/ |y https://cedi.ucr.ac.cr/arquitectura/complejo-de-las-artes-un-espacio-optimo-para-la-expresion/ | ||
| 942 | |c CEDI |2 ddc | ||
| 999 | |c 12676 |d 12676 | ||
